Saat Minda Mewangi

Bibliographic Details
Main Author: Lim Swee Tin
Format: Book
Published: Kuala Lumpur : Berita Publishing , 1995
Series:Siri Semurni Kasih
Subjects:

MARC

LEADER 00000cam a2200000 7i4500
001 0000081116
005 20110208.0
008 110208 bm
020 |a 967969335x 
090 0 0 |a BF KMA 
100 1 |a Lim Swee Tin 
245 1 0 |a Saat Minda Mewangi   |c Lim Swee Tin 
260 |a Kuala Lumpur :   |b Berita Publishing ,   |c 1995 
300 |a 102p. ;   |c 22cm. 
440 0 |a Siri Semurni Kasih 
650 0 0 |a Youth Fiction 
999 |a 38663   |b Buku   |c Rak Terbuka   |e Perpustakaan Cawangan Jasin 
999 |a 38664   |b Buku   |c Rak Terbuka   |e Perpustakaan Cawangan Jasin